000 00261nam a2200121Ia 4500
100 _aMaron/I.A
942 _cBK
654 _aCalculus
245 _aProblems In Calculus Of One Variable
260 _bMir Publishers
_c1973
300 _a453
546 _aENGLISH
999 _c25764
_d25764